000 00760cam a22001935a 4500
001 L155777
008 120416s1781 xxk f 000 0 eng d
035 _a(Sirsi) u155777
041 0 _aeng
100 1 _aWorsley, Richard
_cSir
_d1751-1805
245 0 4 _aThe history of the Isle of Wight
260 _aLondon
_bPrinted by A. Hamilton; and sold by R. Dodsley, T. Cadell, G. Robinson, R. Faulder, and G. Nicol: Collins and Co. Salisbury; and Burdon, at Winchester
_cMDCCLXXXI. [1781]
300 _a[12], 274, [8], clxii, [2] p., plates
_bmap
_c4o
520 _aDedication signed and dated: Richard Worsley. June 4, 1781.
583 0 _aCondition reviewed
_c20120620
_lcondition level 2
651 4 _aGreat Britain
_y1707-
690 _aRural
_96268
942 _n0
999 _c113816
_d113816